000 00602nam a2200193Ia 4500
003 GCL
008 140319s9999 xx 000 0 ara d
040 _aGCL /
_cGCL
082 0 4 _a823.03
_bف ر
100 1 _aسليم الاسيوطى (مترجم)
245 1 0 _aرحلة الحياه /
_cسليم الاسيوطى (مترجم)
700 1 _aفورستر، ا. م.
700 1 _aمصطفى حبيب
300 _a447
490 _aالالف كتاب
_v0
650 0 4 _aالقصص الانجليزية المترجمة
650 0 4 _aالادب الانجليزى المترجم
942 _2ddc
_cBK
999 _c43592
_d43592